| 000 | 00872nam a22002177a 4500 | ||
|---|---|---|---|
| 005 | 20170706115759.0 | ||
| 010 | _a1617EN | ||
| 020 |
_a9789385288418 _c299.00 |
||
| 035 | _aB-650874-882 | ||
| 035 | _aB-664690 | ||
| 037 |
_adpl _bBSB |
||
| 082 | _aS | ||
| 100 | _aSmythe, Frank S. | ||
| 245 |
_aThe valley of flowers : _cby Frank S. Smythe |
||
| 260 |
_aNew Delhi _bSpeaking Tiger _c2015 |
||
| 270 |
_a4381/4, Ansari Road, Darya Ganj, _bNew Delhi _e110002 |
||
| 300 |
_a261p. _c19cm(pbk) |
||
| 942 |
_2ddc _cEN _mSMY _hS |
||
| 999 |
_c102166 _d102166 |
||